Missing Word: Harry Potter Cast Quiz Stats

Quiz Updated Feb 22, 2016

Challenge
Share
Tweet
Embed
Score 0/24 Timer 03:00
2 Plays Today
Answer % Correct
Alice
97.1%
Hard
93.3%
List
92.5%
Misérables
90.4%
Great
86.6%
View
82.9%
Sleepy
80.8%
Budapest
80.2%
Prince
78.7%
Book
75.1%
English
73.8%
Fight
73.5%
Answer % Correct
Deeply
71.6%
World
64.7%
Good
63.7%
Quest
63.2%
Message
62.5%
Garden
62.1%
First
53%
Red
49.4%
Dove
39.7%
Prime
36.9%
Hell
24.7%
Aunt
24.6%

Today's Daily Dose

Word Ladder
Summertime

On This Day
June 23rd II

You're not logged in!

Compare scores with friends on all Sporcle quizzes.
Join for Free
OR
Log In

You Might Also Like...

Show Comments

Extras

Top Quizzes Today


Score Distribution

Your Account Isn't Verified!

In order to create a playlist on Sporcle, you need to verify the email address you used during registration. Go to your Sporcle Settings to finish the process.

Report this User

Report this user for behavior that violates our Community Guidelines.

Details: